• 首页
  • 本馆介绍
  • 公告通知
  • 最新文献
  • 馆藏检索
  • 电子资源
  • 读者导购
  • 参考咨询
  • 我的图书馆
  • 登录
  • 详细信息显示
  • 放入我的书架
  • 预约/预借图书
  • 作者相关作品
  • 分类相关作品
  • 丛书相关作品
  • 出版社相关作品

书目信息

  • 表格格式
  • 工作单格式
  • 卡片格式
题名:
蓄电池快速充电技术
    
 
作者: 王鸿麟 , 许梦渊 编著
分册:  
出版信息: 北京   人民邮电出版社  1985
页数: 159页
开本: 19cm
丛书名:
单 册:
中图分类: TM912
科图分类:
主题词: 蓄电池-快速充电 , 快速充电-蓄电池
电子资源:
ISBN:
000 00761nam0 2200277 45
001 0185020563
005 20040520172501.8
010    @dCNY0.85
091    @a15045.3001
100    @a19931004d1985 k y0chiy0121 ea
101 0  @achi
102    @aCN@b110000
105    @aa z 000yy
106    @ar
200 10 @a蓄电池快速充电技术@Axu dian chi kuai su chong dian ji shu@f王鸿麟,许梦渊编著
210    @a北京@c人民邮电出版社@d1985
215    @a159页@c图表@d19cm
606    @a蓄电池-快速充电
606    @a快速充电-蓄电池
610 0  @a充电
690    @aTM912@v3
701  0 @a王鸿麟@Awang hong lin@4编著
701  0 @a许梦渊@Axu meng yuan@4编著
801  0 @aCN@b深圳图书馆@c20040520
801  2 @aCN@bNLC@c20040520
905    @f3@b139467-469@dTM912@e24
    
    蓄电池快速充电技术/王鸿麟,许梦渊编著.-北京:人民邮电出版社,1985
    159页:图表;19cm
    
    
    ISBN :CNY0.85
    
●
相关链接 在E读中查询图书 在五车中查询图书 在当当中查询图书 在豆瓣中查询图书


正题名:蓄电池快速充电技术     索取号:TM912/24         预约/预借

序号 登录号 条形码 馆藏地/架位号 状态 备注
1 0139466   001345583   密集书库/ [索取号:TM912/24] 在馆    
2 0139467   001345501   第三借阅区/ [索取号:TM912/24] 在馆    
3 0139468   001322928   密集书库/ [索取号:TM912/24] 在馆    
4 0139469   001345547   第二样本阅览室/ [索取号:TM912/24] 在馆    
唐山师范学院图书馆 欢迎您!
大连网信软件有限公司© 版权所有